<?xml version="1.0" encoding="UTF-8"?>
<record
    xmlns:xsi="http://www.w3.org/2001/XMLSchema-instance"
    xsi:schemaLocation="http://www.loc.gov/MARC21/slim http://www.loc.gov/standards/marcxml/schema/MARC21slim.xsd"
    xmlns="http://www.loc.gov/MARC21/slim">

  <leader>01441nam a2200229Ia 4500</leader>
  <controlfield tag="003">SEM</controlfield>
  <controlfield tag="005">20240320094441.0</controlfield>
  <controlfield tag="008">141116s1983    ai ||||gr||||||01|||arm|d</controlfield>
  <datafield tag="040" ind1=" " ind2=" ">
    <subfield code="c">SEM</subfield>
    <subfield code="a">SEM</subfield>
  </datafield>
  <datafield tag="041" ind1="0" ind2=" ">
    <subfield code="a">arm</subfield>
  </datafield>
  <datafield tag="080" ind1=" " ind2=" ">
    <subfield code="a">891.981-3/&#x54A;-50</subfield>
  </datafield>
  <datafield tag="100" ind1="1" ind2=" ">
    <subfield code="a">&#x54A;&#x565;&#x57F;&#x580;&#x578;&#x57D;&#x575;&#x561;&#x576;, &#x54E;&#x561;&#x580;&#x564;&#x563;&#x565;&#x57D;</subfield>
    <subfield code="d">(1932-1994)</subfield>
  </datafield>
  <datafield tag="245" ind1="1" ind2="0">
    <subfield code="a">&#x538;&#x576;&#x57F;&#x56B;&#x580; &#x565;&#x580;&#x56F;&#x565;&#x580; &#x589;</subfield>
    <subfield code="b">&#x535;&#x580;&#x56F;&#x578;&#x582; &#x570;&#x561;&#x57F;&#x578;&#x580;&#x578;&#x57E; / </subfield>
    <subfield code="c">&#x54E;. &#x54A;&#x565;&#x57F;&#x580;&#x578;&#x57D;&#x575;&#x561;&#x576;</subfield>
  </datafield>
  <datafield tag="260" ind1=" " ind2=" ">
    <subfield code="a">&#x535;&#x580;&#x587;&#x561;&#x576; : </subfield>
    <subfield code="b">&#xAB;&#x54D;&#x578;&#x57E;&#x565;&#x57F;&#x561;&#x56F;&#x561;&#x576; &#x563;&#x580;&#x578;&#x572;&#xBB; &#x570;&#x580;&#x561;&#x57F;., </subfield>
    <subfield code="c">1983.</subfield>
  </datafield>
  <datafield tag="300" ind1=" " ind2=" ">
    <subfield code="a">&#x540;. ; </subfield>
    <subfield code="b">1 &#x564;&#x56B;&#x574;&#x561;&#x576;&#x56F;. ; </subfield>
    <subfield code="c">20 &#x57D;&#x574;</subfield>
  </datafield>
  <datafield tag="505" ind1=" " ind2=" ">
    <subfield code="a">&#x540;. 1 - </subfield>
    <subfield code="t">[&#xAB;&#x54E;&#x565;&#x580;&#x57B;&#x56B;&#x576; &#x563;&#x56B;&#x577;&#x565;&#x580;&#xBB; &#x563;&#x580;&#x584;&#x56B;&#x581;: &#xAB;&#x531;&#x576;&#x561;&#x57E;&#x561;&#x580;&#x57F; &#x564;&#x56B;&#x574;&#x561;&#x576;&#x56F;&#x561;&#x580;&#x576;&#x565;&#x580;&#xBB; &#x563;&#x580;&#x584;&#x56B;&#x581;: &#xAB;&#x531;&#x57A;&#x580;&#x561;&#x56E; &#x587; &#x579;&#x561;&#x57A;&#x580;&#x561;&#x56E; &#x57F;&#x561;&#x580;&#x56B;&#x576;&#x565;&#x580;&#xBB; &#x563;&#x580;&#x584;&#x56B;&#x581;: &#xAB;&#x54E;&#x565;&#x580;&#x57B;&#x56B;&#x576; &#x578;&#x582;&#x57D;&#x578;&#x582;&#x581;&#x56B;&#x579;&#x568;&#xBB; &#x563;&#x580;&#x584;&#x56B;&#x581;: &#x546;&#x561;&#x574;&#x561;&#x56F;&#x576;&#x565;&#x580; &#x574;&#x561;&#x576;&#x56F;&#x578;&#x582;&#x569;&#x575;&#x561;&#x576; &#x56F;&#x561;&#x575;&#x561;&#x580;&#x561;&#x576;&#x576;&#x565;&#x580;&#x56B;&#x581; (&#x54E;&#x56B;&#x57A;&#x561;&#x56F; &#x57A;&#x561;&#x57F;&#x574;&#x57E;&#x561;&#x56E;&#x584;&#x576;&#x565;&#x580;&#x578;&#x57E;): &#x540;&#x561;&#x575;&#x56F;&#x561;&#x56F;&#x561;&#x576; &#x567;&#x57D;&#x584;&#x56B;&#x566;&#x576;&#x565;&#x580;: &#x531;&#x577;&#x56D;&#x561;&#x580;&#x570;&#x56B; &#x573;&#x561;&#x576;&#x561;&#x57A;&#x561;&#x580;&#x570;&#x576;&#x565;&#x580;&#x56B;&#x576;], </subfield>
    <subfield code="g">1983.-622 &#x567;&#x57B; : 
</subfield>
  </datafield>
  <datafield tag="505" ind1=" " ind2=" ">
    <subfield code="a">&#x540;. 2 - </subfield>
    <subfield code="t">[&#x535;&#x57D; &#x561;&#x580;&#x564;&#x565;&#x576; &#x574;&#x565;&#x56E;&#x561;&#x581;&#x565;&#x56C; &#x565;&#x574;, &#x574;&#x561;&#x575;&#x580;&#x56B;&#x56F;: &#x554;&#x561;&#x572;&#x561;&#x584;&#x56B; &#x56F;&#x56B;&#x57D;&#x561;&#x562;&#x561;&#x581; &#x56C;&#x578;&#x582;&#x57D;&#x561;&#x574;&#x578;&#x582;&#x57F;&#x576;&#x565;&#x580;&#x568;: &#x531;&#x57A;&#x580;&#x561;&#x56E; &#x587; &#x579;&#x561;&#x57A;&#x580;&#x561;&#x56E; &#x57F;&#x561;&#x580;&#x56B;&#x576;&#x565;&#x580;: &#x534;&#x565;&#x572;&#x561;&#x57F;&#x578;&#x582;&#x576; &#xAB;&#x531;&#x576;&#x56B;&#xBB;: &#x54E;&#x565;&#x580;&#x57B;&#x56B;&#x576; &#x578;&#x582;&#x57D;&#x578;&#x582;&#x581;&#x56B;&#x579;&#x568;: &#x544;&#x565;&#x576;&#x561;&#x57E;&#x578;&#x580; &#x568;&#x576;&#x56F;&#x578;&#x582;&#x566;&#x565;&#x576;&#x56B;&#x576; (&#x57E;&#x565;&#x57A;)], </subfield>
    <subfield code="g">1983.-606 &#x567;&#x57B; : </subfield>
  </datafield>
  <datafield tag="650" ind1=" " ind2=" ">
    <subfield code="a">&#x540;&#x561;&#x575; &#x563;&#x580;&#x561;&#x56F;&#x561;&#x576;&#x578;&#x582;&#x569;&#x575;&#x578;&#x582;&#x576; </subfield>
    <subfield code="x">&#x561;&#x580;&#x571;&#x561;&#x56F;</subfield>
  </datafield>
  <datafield tag="650" ind1=" " ind2=" ">
    <subfield code="a">&#x533;&#x565;&#x572;&#x561;&#x580;&#x57E;&#x565;&#x57D;&#x57F;&#x561;&#x56F;&#x561;&#x576; &#x563;&#x580;&#x561;&#x56F;&#x561;&#x576;&#x578;&#x582;&#x569;&#x575;&#x578;&#x582;&#x576;</subfield>
  </datafield>
  <datafield tag="653" ind1=" " ind2=" ">
    <subfield code="a">&#x54D;&#x537;&#x544;</subfield>
  </datafield>
  <datafield tag="942" ind1=" " ind2=" ">
    <subfield code="2">udc</subfield>
    <subfield code="c">BK</subfield>
  </datafield>
  <datafield tag="999" ind1=" " ind2=" ">
    <subfield code="c">46555</subfield>
    <subfield code="d">46555</subfield>
  </datafield>
  <datafield tag="952" ind1=" " ind2=" ">
    <subfield code="0">0</subfield>
    <subfield code="1">0</subfield>
    <subfield code="2">udc</subfield>
    <subfield code="4">0</subfield>
    <subfield code="7">0</subfield>
    <subfield code="8">&#x533;&#x580;&#x561;&#x57A;&#x561;&#x570;&#x578;&#x581;</subfield>
    <subfield code="a">SEM</subfield>
    <subfield code="b">SEM</subfield>
    <subfield code="d">2014-11-16</subfield>
    <subfield code="g">1200.00</subfield>
    <subfield code="h">&#x540;. 1</subfield>
    <subfield code="i">2889</subfield>
    <subfield code="l">2</subfield>
    <subfield code="o">891.981-3/&#x54A;-50</subfield>
    <subfield code="p">2889</subfield>
    <subfield code="r">2022-10-17</subfield>
    <subfield code="s">2022-08-05</subfield>
    <subfield code="w">2014-11-16</subfield>
    <subfield code="y">BK</subfield>
    <subfield code="z">&#x54D;&#x57A;&#x561;&#x57D;&#x561;&#x580;&#x56F;&#x57E;&#x578;&#x582;&#x574; &#x567; 30 &#x585;&#x580;</subfield>
  </datafield>
  <datafield tag="952" ind1=" " ind2=" ">
    <subfield code="0">0</subfield>
    <subfield code="1">0</subfield>
    <subfield code="2">udc</subfield>
    <subfield code="4">0</subfield>
    <subfield code="7">0</subfield>
    <subfield code="8">&#x533;&#x580;&#x561;&#x57A;&#x561;&#x570;&#x578;&#x581;</subfield>
    <subfield code="a">SEM</subfield>
    <subfield code="b">SEM</subfield>
    <subfield code="d">2014-11-16</subfield>
    <subfield code="g">1200.00</subfield>
    <subfield code="h">&#x540;. 1</subfield>
    <subfield code="i">6598</subfield>
    <subfield code="l">0</subfield>
    <subfield code="o">891.981-3/&#x54A;-50</subfield>
    <subfield code="p">6598</subfield>
    <subfield code="r">2014-11-16</subfield>
    <subfield code="w">2014-11-16</subfield>
    <subfield code="y">BK</subfield>
    <subfield code="z">&#x54D;&#x57A;&#x561;&#x57D;&#x561;&#x580;&#x56F;&#x57E;&#x578;&#x582;&#x574; &#x567; &#x568;&#x576;&#x569;&#x565;&#x580;&#x581;&#x561;&#x57D;&#x580;&#x561;&#x570;</subfield>
  </datafield>
  <datafield tag="952" ind1=" " ind2=" ">
    <subfield code="0">0</subfield>
    <subfield code="1">0</subfield>
    <subfield code="2">udc</subfield>
    <subfield code="4">0</subfield>
    <subfield code="7">0</subfield>
    <subfield code="8">&#x533;&#x580;&#x561;&#x57A;&#x561;&#x570;&#x578;&#x581;</subfield>
    <subfield code="a">SEM</subfield>
    <subfield code="b">SEM</subfield>
    <subfield code="d">2016-12-05</subfield>
    <subfield code="g">1500.00</subfield>
    <subfield code="h">&#x540;. 2</subfield>
    <subfield code="i">6599</subfield>
    <subfield code="l">2</subfield>
    <subfield code="o">891.981-3/&#x54A;-50</subfield>
    <subfield code="p">6599</subfield>
    <subfield code="r">2021-04-23</subfield>
    <subfield code="s">2021-01-29</subfield>
    <subfield code="w">2016-12-05</subfield>
    <subfield code="y">BK</subfield>
    <subfield code="z">&#x54D;&#x57A;&#x561;&#x57D;&#x561;&#x580;&#x56F;&#x57E;&#x578;&#x582;&#x574; &#x567; &#x568;&#x576;&#x569;&#x565;&#x580;&#x581;&#x561;&#x57D;&#x580;&#x561;&#x570;</subfield>
  </datafield>
  <datafield tag="952" ind1=" " ind2=" ">
    <subfield code="0">0</subfield>
    <subfield code="1">0</subfield>
    <subfield code="2">udc</subfield>
    <subfield code="4">0</subfield>
    <subfield code="7">0</subfield>
    <subfield code="8">&#x533;&#x580;&#x561;&#x57A;&#x561;&#x570;&#x578;&#x581;</subfield>
    <subfield code="a">SEM</subfield>
    <subfield code="b">SEM</subfield>
    <subfield code="d">2016-12-05</subfield>
    <subfield code="g">1500.00</subfield>
    <subfield code="h">&#x540;. 2</subfield>
    <subfield code="i">2935</subfield>
    <subfield code="l">0</subfield>
    <subfield code="o">891.981-3/&#x54A;-50</subfield>
    <subfield code="p">2935</subfield>
    <subfield code="r">2016-12-05</subfield>
    <subfield code="w">2016-12-05</subfield>
    <subfield code="y">BK</subfield>
    <subfield code="z">&#x54D;&#x57A;&#x561;&#x57D;&#x561;&#x580;&#x56F;&#x57E;&#x578;&#x582;&#x574; &#x567; 30 &#x585;&#x580;</subfield>
  </datafield>
  <datafield tag="952" ind1=" " ind2=" ">
    <subfield code="0">0</subfield>
    <subfield code="1">0</subfield>
    <subfield code="2">udc</subfield>
    <subfield code="4">0</subfield>
    <subfield code="7">0</subfield>
    <subfield code="8">&#x533;&#x580;&#x561;&#x57A;&#x561;&#x570;&#x578;&#x581;</subfield>
    <subfield code="a">SEM</subfield>
    <subfield code="b">SEM</subfield>
    <subfield code="d">2026-06-23</subfield>
    <subfield code="g">1200.00</subfield>
    <subfield code="h">&#x540;. 1</subfield>
    <subfield code="i">37499</subfield>
    <subfield code="l">0</subfield>
    <subfield code="o">891.981-3/&#x54A;-50</subfield>
    <subfield code="p">37499</subfield>
    <subfield code="r">2026-06-23</subfield>
    <subfield code="w">2026-06-23</subfield>
    <subfield code="y">BK</subfield>
    <subfield code="z">&#x54D;&#x57A;&#x561;&#x57D;&#x561;&#x580;&#x56F;&#x57E;&#x578;&#x582;&#x574; &#x567; 30 &#x585;&#x580;</subfield>
  </datafield>
</record>
